00528nam a2200181Ia 4500008004100000082001300041100002600054245003300080250000800113260002700121300001200148500002400160650001500184700002000199942000700219952010300226999001700329230524s9999 xx 000 0 und d a612bDAV aAndrew J Davey925523 0aWard's Anaesthetic Equipment a5TH aLONDONbElsevierc2005 aVII;521 aQuantity Number: 1 aBiomedical aAli Diba925524 cBK 00104070aTATCLbTATCLcGENd2023-05-24l0o612 DAVp19590r2023-05-24w2023-05-24yBKzCPEC5203 c37553d37553